Problem solving in business and management : hard, soft and creative approaches /

Problems. Resolving problems. Decisions. Where has all our creativity gone? Working in groups. Brainstorming. Synectics. Introduction to logical thinking...

保存先:
書誌詳細
第一著者: Hicks, Michael J.
フォーマット: 図書
言語:English
出版事項: London : Chapman and Hall, 1991.
主題:
タグ: タグ追加
タグなし, このレコードへの初めてのタグを付けませんか!
Thư viện lưu trữ: Mạng thư viện Đại học Đà Nẵng
LEADER 01014cam a2200325 i 4500
001 000047618
003 7308
005 20030313151541.0
008 010321|1991 vm 000 eng
020 |a 0412374900 
040 |a IRC  |c IRC  |d IRC 
041 0 |a eng 
082 1 4 |a 658.403  |b HI-M 
100 1 |a Hicks, Michael J. 
245 0 0 |a Problem solving in business and management :  |b hard, soft and creative approaches /  |c Michael J. Hicks. 
260 |a London :  |b Chapman and Hall,  |c 1991. 
300 |a xix, 327 p. :  |b ill. ;  |c 24.5cm. 
520 3 |a Problems. Resolving problems. Decisions. Where has all our creativity gone? Working in groups. Brainstorming. Synectics. Introduction to logical thinking... 
630 0 4 |a Business management. 
650 0 4 |a Decision making. 
OWN |a DUT 
999 |a From the UDN01 
TYP |a Monograph 
TYP |a Printed language 
980 |a Mạng thư viện Đại học Đà Nẵng